Inclusive mathematics 11-18 (Record no. 63620)

000 -LEADER
fixed length control field 00459nam a22001817a 4500
003 - CONTROL NUMBER IDENTIFIER
control field NUST - PNEC
005 - DATE AND TIME OF LATEST TRANSACTION
control field 20170116180818.0
008 - FIXED-LENGTH DATA ELEMENTS--GENERAL INFORMATION
fixed length control field 150611b xxu||||| |||| 00| 0 eng d
020 ## - INTERNATIONAL STANDARD BOOK NUMBER
International Standard Book Number 0826452019
040 ## - CATALOGING SOURCE
Transcribing agency LIBRARY
082 ## - DEWEY DECIMAL CLASSIFICATION NUMBER
Classification number 510 OLL
100 ## - MAIN ENTRY--PERSONAL NAME
9 (RLIN) 3877
Personal name Ollerton, Mike
245 ## - TITLE STATEMENT
Title Inclusive mathematics 11-18
Statement of responsibility, etc. Mike Ollerton
260 ## - PUBLICATION, DISTRIBUTION, ETC.
Place of publication, distribution, etc. London
Name of publisher, distributor, etc. Continuum
Date of publication, distribution, etc. c2001.
300 ## - PHYSICAL DESCRIPTION
Extent 168 p. :
650 ## - SUBJECT ADDED ENTRY--TOPICAL TERM
9 (RLIN) 3878
Topical term or geographic name entry element Mathematics
General subdivision ME
942 ## - ADDED ENTRY ELEMENTS (KOHA)
Source of classification or shelving scheme
Koha item type Book
Holdings
Withdrawn status Lost status Source of classification or shelving scheme Damaged status Not for loan Permanent Location Current Location Shelving location Date acquired Source of acquisition Cost, normal purchase price Total Checkouts Full call number Barcode Date last seen Cost, replacement price Price effective from Koha item type
          Pakistan Navy Engineering College (PNEC) Pakistan Navy Engineering College (PNEC)   06/17/2005 Vangaurd Books / Library Grant 2137.00   510 OLL PNECLIB-026849 06/11/2015 2137.00 06/17/2005 Book
© 2023 Central Library, National University of Sciences and Technology. All Rights Reserved.